Normal view
MARC view
- A.A. Abrikosov, L.P. Gorkov,
Entry Personal Name
001 - CONTROL NUMBER
- control field: 20390
003 - CONTROL NUMBER IDENTIFIER
- control field: NUST
005 - DATE AND TIME OF LATEST TRANSACTION
- control field: 20190913055155.0
008 - FIXED-LENGTH DATA ELEMENTS
- fixed length control field: 190913|| aca||aabn | a|a d
040 ## - CATALOGING SOURCE
- Original cataloging agency: NUST
- Transcribing agency: NUST
100 ## - HEADING--PERSONAL NAME
- Personal name: A.A. Abrikosov, L.P. Gorkov,
670 ## - SOURCE DATA FOUND
- Source citation: Work cat.: (NUST): A.A. Abrikosov, L.P. Gorkov,, Methods of Quantum Field Theory in Statistical Physics , 1963
